| 000 | 00354nam a2200145Ia 4500 | ||
|---|---|---|---|
| 008 | 230917s9999||||xx |||||||||||||| ||und|| | ||
| 040 |
_e156111 _aMAIN |
||
| 041 | _aEnglish | ||
| 082 | _a342.7 B81B | ||
| 100 | _aBrownlie, Ian | ||
| 245 | 0 | _aBasic documents on human rights | |
| 260 |
_aOxford _bClarendon _c1971 |
||
| 300 | _ax, 527p p. | ||
| 942 | _cBK | ||
| 999 |
_c187875 _d187875 |
||